000 00804nam a2200265Ia 4500
003 OSt
005 20221006143058.0
006 a|||||r|||| 00| 0
007 ta
008 221006b |||||||| |||| 00| 0 eng d
020 _c1476.00
024 _a7,995
037 _cTextual
040 _aEASL
_cEASL
_beng
041 _2eng
_aeng
082 _aX.42.N88, M9
100 _aSHIRAISHI Takashi Ed.
_9269585
245 0 _aEconomic institutions in a dynamic society
_b Search for a new frontier
260 _aLondon
_bMacmillan
_c1989
300 _a247p.
_ccm.
490 _v JEL
_aInternational Economic Association publication
700 _a TSURU Shigeto Ed.
_9649124
942 _hX.42.N88, M9
_cTEXL
_2CC
999 _c1076081
_d1076081